Odell : planning, architecture, engineering, interior design, landscape architects.

Bibliographic Details
Corporate Author: Odell Associates Inc
Format: Book
Language:English
Published: [Richmond, Va.] : [Odell], [1990]
Subjects:

MARC

Tag First Indicator Second Indicator Subfields
LEADER 00000cam a2200000Ia 4500
001 in00001521206
005 20151021165734.0
008 910202s1990 vaua 000 0 eng d
035 |a (OCoLC)23045763 
035 |a (HOL)AKE2910-4/des/1 
040 |a FLL  |c FLL  |d TXA  |d UtOrBLW 
043 |a n-us--- 
049 |a TXAM 
090 |a NA737.O38  |b O44 1990 
110 2 |a Odell Associates Inc. 
245 1 0 |a Odell :  |b planning, architecture, engineering, interior design, landscape architects. 
264 1 |a [Richmond, Va.] :  |b [Odell],  |c [1990] 
300 |a 1 volume (unpaged) :  |b chiefly illustrations (some color), plans, portrait ;  |c 29 cm. 
336 |a text  |b txt  |2 rdacontent 
337 |a unmediated  |b n  |2 rdamedia 
338 |a volume  |b nc  |2 rdacarrier 
500 |a On cover: 50th anniversary, 1940-1990. 
610 2 0 |a Odell Associates Inc.  |x Anniversaries, etc. 
650 0 |a Architectural firms  |z United States. 
650 0 |a Architecture  |z United States  |x History  |y 20th century. 
994 |a E0  |b TXA 
948 |a cataloged  |b h  |c 2000/2/11  |d c  |e jlanham  |f 2:07:56 pm 
999 |a MARS 
999 f f |s 668c8273-e0d2-3b11-ade3-ef8b6cafacf7  |i 5b1e07eb-3b65-3967-a9a1-0ae8fa171e24  |t 0 
952 f f |p ric  |a Texas A&M University  |b Rellis Campus  |c Joint Library Facility  |d Remote Storage  |t 0  |e NA737.O38 O44 1990  |h Library of Congress classification  |i unmediated -- volume  |m A14843671166 
998 f f |a NA737.O38 O44 1990  |t 0  |l Remote Storage